000 00544nam a2200193 i 4500
001 43625
003 ES-MaACL
005 20230906160839.0
007 t|
008 030318s1973 sp ||||1| eng d
100 1 _aCatsoris, John A.
_937078
245 1 0 _aAzorin and the eighteenth century /
_cJohn A. Catsoris.
260 _aMadrid :
_bPlayor,
_c[1973]
300 _a122 p. ;
_c21 cm.
490 1 _aPlaza Mayor Scholar ;
_v7
830 0 _aPlaza Mayor Scholar ;
_v7
_9181264
852 _aES-MaACL
_jC-51946
_bR.85727
999 _c43625
_d43625